[Event "Titled Tue 1st Jul Late"]
[Site "chess.com INT"]
[Date "2025.07.01"]
[Round "7"]
[White "Yeager, Daniel"]
[Black "Alazmi, Amani"]
[Result "1-0"]
[WhiteTitle "FM"]
[BlackTitle "WCM"]
[WhiteElo "2280"]
[BlackElo "1725"]
[WhiteFideId "2029049"]
[BlackFideId "10303553"]
[EventDate "2025.07.01"]

1. a3 e5 2. b4 a5 3. b5 d6 4. Nf3 e4 5. Nd4 Qf6 6. e3 c5 7. bxc6 Nxc6 8. Bb5 Bd7
9. Bxc6 bxc6 10. Nc3 d5 11. O-O Bd6 12. f3 Qh4 13. f4 g5 14. Nce2 Bg4 15. Qe1
Qh5 16. Ng3 Qh4 17. Ngf5 Qxe1 18. Nxd6+ Kd7 19. Rxe1 Kxd6 20. fxg5 Ne7 21. Rf1
Raf8 22. Rf6+ Kd7 23. a4 Rhg8 24. h4 Rg6 25. Ba3 Rxf6 26. gxf6 Rg8 27. fxe7 Bh3
28. Kh2 1-0

[Event "Titled Tue 1st Jul Late"]
[Site "chess.com INT"]
[Date "2025.07.01"]
[Round "7"]
[White "Demchenko, Yaroslav"]
[Black "Shukhman, Anna"]
[Result "0-1"]
[WhiteTitle "CM"]
[BlackTitle "WGM"]
[WhiteElo "2263"]
[BlackElo "2413"]
[WhiteFideId "14186667"]
[BlackFideId "54180058"]
[EventDate "2025.07.01"]

1. Nf3 d5 2. e3 Nf6 3. b3 g6 4. Bb2 Bg7 5. d4 O-O 6. Bd3 b6 7. Nbd2 c5 8. O-O
Nc6 9. a3 Bb7 10. c4 dxc4 11. bxc4 cxd4 12. exd4 e6 13. Qe2 Rc8 14. Rfd1 Re8 15.
Ne4 Nxe4 16. Bxe4 Qe7 17. Rac1 Ba6 18. Bd3 Na5 19. Ne5 Red8 20. Bc3 Nb3 21. Rb1
Nxd4 22. Qe3 Qc5 23. Nf3 Nxf3+ 24. Qxf3 Bxc3 0-1

[Event "Titled Tue 1st Jul Late"]
[Site "chess.com INT"]
[Date "2025.07.01"]
[Round "7"]
[White "Sobek, Jaroslav"]
[Black "Donoso Aguirre, Maximiliano"]
[Result "0-1"]
[WhiteTitle "FM"]
[BlackTitle "CM"]
[WhiteElo "2195"]
[BlackElo "2050"]
[WhiteFideId "301388"]
[BlackFideId "3458920"]
[EventDate "2025.07.01"]

1. d4 d5 2. c4 e6 3. Nc3 Nf6 4. Bg5 Nbd7 5. e3 Bb4 6. Qb3 c5 7. cxd5 exd5 8.
dxc5 Qa5 9. Bxf6 Nxf6 10. Bd3 Qxc5 11. Ne2 O-O 12. O-O Be6 13. Nd4 Bxc3 14. Nxe6
fxe6 15. bxc3 b6 16. c4 Rac8 17. cxd5 Qxd5 18. Rfd1 Qxb3 19. axb3 a5 20. Bc4 Rc6
21. Rd7 Nxd7 0-1

[Event "Titled Tue 1st Jul Late"]
[Site "chess.com INT"]
[Date "2025.07.01"]
[Round "7"]
[White "Castillo Pena, Patricia Evarista"]
[Black "Qiao, Cindy"]
[Result "1-0"]
[WhiteTitle "WFM"]
[BlackTitle "WFM"]
[WhiteElo "1909"]
[BlackElo "1899"]
[WhiteFideId "6412106"]
[BlackFideId "2620243"]
[EventDate "2025.07.01"]

1. d4 d5 2. Nf3 Nf6 3. e3 e6 4. Bd3 Bd6 5. b3 O-O 6. Bb2 b6 7. Nbd2 Bb7 8. O-O
c5 9. Qe2 Nc6 10. a3 Ne7 11. Rfd1 Nf5 12. e4 dxe4 13. Nxe4 Nxe4 14. Bxe4 Bxe4
15. Qxe4 cxd4 16. Nxd4 Nxd4 17. Qxd4 Bxh2+ 18. Kxh2 Qg5 19. Qe5 Qxe5+ 20. Bxe5
f6 21. Bd6 Rfd8 22. c4 Rac8 23. Rac1 Kf7 24. b4 Rc6 25. c5 bxc5 26. Bxc5 Rxd1
27. Rxd1 Ra6 28. Rd7+ Kg6 29. Rxa7 Rc6 30. a4 e5 31. a5 f5 32. g3 Kf6 33. Rb7
Rc8 34. a6 h5 35. a7 g5 36. Rb8 1-0

[Event "Titled Tue 1st Jul Late"]
[Site "chess.com INT"]
[Date "2025.07.01"]
[Round "7"]
[White "Kjaergaard-Jensen, Jesper"]
[Black "Guerrero Cataldo, Juan Andres"]
[Result "0-1"]
[WhiteTitle "CM"]
[BlackTitle "CM"]
[WhiteElo "2081"]
[BlackElo "2082"]
[WhiteFideId "1406990"]
[BlackFideId "3421260"]
[EventDate "2025.07.01"]

1. d4 Nf6 2. Nf3 g6 3. c3 Bg7 4. Bg5 O-O 5. Nbd2 d5 6. Bxf6 Bxf6 7. e4 dxe4 8.
Nxe4 Bg7 9. h4 h6 10. h5 g5 11. Qb3 Bf5 12. Qxb7 Nd7 13. Ng3 Bh7 14. Qd5 Rb8 15.
b4 e6 16. Qb3 c5 17. d5 exd5 18. b5 c4 19. Qb2 a6 20. a4 Qa5 21. Ne2 Nc5 22.
Ned4 Rfe8+ 23. Kd1 Be4 24. Nd2 Nxa4 25. Qa3 Nxc3+ 26. Kc1 Qxa3+ 27. Rxa3 Bxd4
28. f3 Bf5 29. bxa6 Re1# 0-1

[Event "Titled Tue 1st Jul Late"]
[Site "chess.com INT"]
[Date "2025.07.01"]
[Round "7"]
[White "Rajaram, Rohan"]
[Black "Shymanskyi, Oleksandr"]
[Result "0-1"]
[WhiteTitle "CM"]
[BlackTitle "FM"]
[WhiteElo "2164"]
[BlackElo "2218"]
[WhiteFideId "30940729"]
[BlackFideId "14168880"]
[EventDate "2025.07.01"]

1. e4 c5 2. Nf3 Nc6 3. c3 Nf6 4. e5 Nd5 5. d4 cxd4 6. cxd4 g6 7. Nc3 Nxc3 8.
bxc3 Bg7 9. Be2 O-O 10. O-O d6 11. exd6 Qxd6 12. Re1 Rd8 13. Bb2 e5 14. dxe5
Nxe5 15. Qxd6 Rxd6 16. Nxe5 Bxe5 17. Bf3 f6 18. Rad1 Rxd1 19. Rxd1 Be6 20. a4
Rc8 21. Rd3 Kf7 22. g3 b6 23. Bd1 Bc4 24. Rd7+ Ke6 25. Rxa7 Rd8 26. Bg4+ f5 27.
Bf3 Rd2 28. Bc1 Ra2 29. Rb7 Ra1 30. Rxb6+ Bd6 31. h4 Rxc1+ 32. Kh2 Rxc3 33. Kg2 0-1

[Event "Titled Tue 1st Jul Late"]
[Site "chess.com INT"]
[Date "2025.07.01"]
[Round "7"]
[White "Zepeda Berlanga, Jan Enrique"]
[Black "Venskaya, Nika"]
[Result "0-1"]
[WhiteTitle "CM"]
[BlackTitle "WCM"]
[WhiteElo "1984"]
[BlackElo "1926"]
[WhiteFideId "5132355"]
[BlackFideId "13523503"]
[EventDate "2025.07.01"]

1. e4 c5 2. Nf3 d6 3. d4 cxd4 4. Nxd4 Nf6 5. Nc3 g6 6. Be3 Bg7 7. f3 O-O 8. Qd2
Nc6 9. O-O-O d5 10. exd5 Nxd5 11. Nxc6 bxc6 12. Bd4 e5 13. Bc5 Re8 14. Nxd5 cxd5
15. Qxd5 Qxd5 16. Rxd5 Be6 17. Rd1 Bxa2 18. c3 Rab8 19. Bxa7 Bh6+ 20. Kc2 Bb3+
21. Kb1 Bxd1 22. Bc4 Bb3 23. Bxb8 Rxb8 24. Bd3 Bg7 25. Re1 Be6 26. b4 e4 27.
fxe4 Bxc3 28. Rd1 Rxb4+ 29. Kc2 Be5 30. h3 Bb3+ 0-1

[Event "Titled Tue 1st Jul Late"]
[Site "chess.com INT"]
[Date "2025.07.01"]
[Round "7"]
[White "Rodriguez, Santiago"]
[Black "Romero Ruscalleda, Josep"]
[Result "1-0"]
[WhiteTitle "CM"]
[BlackTitle "FM"]
[WhiteElo "2252"]
[BlackElo "2110"]
[WhiteFideId "3000591"]
[BlackFideId "2231859"]
[EventDate "2025.07.01"]

1. d4 g6 2. e4 Bg7 3. Nc3 d6 4. Be3 a6 5. h4 Nf6 6. f3 h5 7. Nh3 b5 8. Qd2 Bb7
9. Ng5 Nbd7 10. O-O-O e5 11. dxe5 Nxe5 12. f4 Neg4 13. e5 Nd7 14. exd6 c5 15.
Nd5 O-O 16. Ne7+ Kh8 17. Be2 Nxe3 18. Qxe3 Nf6 19. f5 Ng8 20. fxg6 Nh6 21. gxf7
Nxf7 22. Qd3 Nxg5 23. hxg5 Qe8 24. Bxh5 Bxb2+ 25. Kxb2 1-0

[Event "Titled Tue 1st Jul Late"]
[Site "chess.com INT"]
[Date "2025.07.01"]
[Round "7"]
[White "Clawitter, Craig"]
[Black "Klepek, Witold"]
[Result "1-0"]
[BlackTitle "CM"]
[WhiteElo "2050"]
[BlackElo "2253"]
[WhiteFideId "2023105"]
[BlackFideId "1175068"]
[EventDate "2025.07.01"]

1. e4 c5 2. Nf3 e6 3. d4 cxd4 4. Nxd4 Nf6 5. Nc3 Nc6 6. Ndb5 Bc5 7. Bf4 O-O 8.
Bc7 Qe7 9. Bd6 Bxd6 10. Qxd6 Qd8 11. O-O-O a6 12. Nc7 Ne8 13. Nxe8 Rxe8 14. Bd3
Qg5+ 15. f4 Qe7 16. Qxe7 Rxe7 17. e5 f6 18. Be4 b5 19. Bxc6 dxc6 20. Ne4 Bd7 21.
exf6 Rf7 22. Ng5 Be8 23. Nxf7 Bxf7 24. fxg7 Kxg7 25. Rd7 Kf6 26. g4 h6 27. g5+
Kg6 28. gxh6 Be8 29. Re7 Kxh6 30. Rg1 Bh5 31. Rxe6+ Kh7 32. Rg5 Bf3 33. Re3 1-0

[Event "Titled Tue 1st Jul Late"]
[Site "chess.com INT"]
[Date "2025.07.01"]
[Round "7"]
[White "Tasic, Vladimir"]
[Black "Wu, Derek"]
[Result "0-1"]
[BlackTitle "FM"]
[WhiteElo "2208"]
[BlackElo "2232"]
[WhiteFideId "919667"]
[BlackFideId "30914558"]
[EventDate "2025.07.01"]

1. e4 e5 2. Nf3 Nc6 3. Bc4 Nf6 4. Ng5 d5 5. exd5 Na5 6. d3 h6 7. Nf3 Nxc4 8.
dxc4 Bc5 9. Nxe5 O-O 10. O-O Re8 11. Nd3 Bg4 12. Qd2 Re2 13. Qa5 b6 14. Qa4 Ne4
15. Nxc5 Nxc5 16. Qa3 Rxc2 17. Be3 Be2 18. Re1 Nd3 19. Rxe2 Rxe2 20. Nc3 Rxe3
21. fxe3 Qh4 22. Rf1 Qxc4 23. Qe7 Rf8 24. e4 Nxb2 25. Rf3 Nd3 26. h3 Qxc3 27. e5
Qc5+ 28. Qxc5 Nxc5 0-1

[Event "Titled Tue 1st Jul Late"]
[Site "chess.com INT"]
[Date "2025.07.01"]
[Round "7"]
[White "Shandrygin, Nikita"]
[Black "Itkis, Boris"]
[Result "1-0"]
[WhiteTitle "FM"]
[BlackTitle "IM"]
[WhiteElo "2209"]
[BlackElo "2270"]
[WhiteFideId "24198668"]
[BlackFideId "1209167"]
[EventDate "2025.07.01"]

1. e4 c6 2. d4 d5 3. f3 dxe4 4. fxe4 e5 5. Nf3 Bg4 6. Bc4 Nd7 7. O-O Ngf6 8. c3
Bd6 9. Bg5 O-O 10. Nbd2 Qc7 11. h3 Bh5 12. Bd3 Rae8 13. Qc2 h6 14. Bh4 Bg6 15.
Bf2 b5 16. Rae1 a5 17. Nh4 Bh7 18. Kh1 a4 19. g4 exd4 20. cxd4 Bg3 21. e5 Bxd3
22. Qxd3 Bxf2 23. Rxf2 Nd5 24. Ne4 Re6 25. g5 h5 26. Nf6+ N7xf6 27. gxf6 Nxf6
28. Rxf6 Rxf6 29. exf6 Qf4 30. Nf5 g6 31. Rf1 Qg5 32. h4 Qg4 33. Nh6+ 1-0

[Event "Titled Tue 1st Jul Late"]
[Site "chess.com INT"]
[Date "2025.07.01"]
[Round "7"]
[White "Lizak, Jakub"]
[Black "Storey, Charles H"]
[Result "1-0"]
[WhiteTitle "CM"]
[BlackTitle "FM"]
[WhiteElo "2219"]
[BlackElo "2102"]
[WhiteFideId "1158520"]
[BlackFideId "406686"]
[EventDate "2025.07.01"]

1. e4 g6 2. d4 Bg7 3. Nc3 c5 4. dxc5 Bxc3+ 5. bxc3 Nf6 6. Bd3 Qa5 7. Nf3 Qxc3+
8. Bd2 Qxc5 9. O-O d6 10. Re1 Nbd7 11. Rb1 O-O 12. Rb5 Qc7 13. e5 dxe5 14. Nxe5
Nxe5 15. Rbxe5 Ng4 16. Bf4 Nxe5 17. Bxe5 Qa5 18. Re3 Be6 19. h4 Rfd8 20. Qf3 Rd5
21. Qg3 Qxa2 22. h5 Rxd3 23. cxd3 f6 24. hxg6 h6 25. Bf4 Qa4 26. Rxe6 Qd1+ 27.
Kh2 Rc8 28. Rxe7 Rc5 29. Bg5 Rc8 30. Bxf6 Qh5+ 31. Qh4 1-0

[Event "Titled Tue 1st Jul Late"]
[Site "chess.com INT"]
[Date "2025.07.01"]
[Round "7"]
[White "Cuevas Araya, Walter"]
[Black "Borges, Wagner da Silva"]
[Result "1-0"]
[WhiteTitle "FM"]
[BlackTitle "CM"]
[WhiteElo "2052"]
[BlackElo "2062"]
[WhiteFideId "3405028"]
[BlackFideId "2100401"]
[EventDate "2025.07.01"]

1. e4 c5 2. d4 cxd4 3. c3 dxc3 4. Nxc3 Nc6 5. Nf3 d6 6. Bc4 Nf6 7. O-O Bg4 8.
Qe2 a6 9. Rd1 Ne5 10. Nxe5 d5 11. Nxg4 Nxg4 12. Qxg4 e6 13. exd5 e5 14. Be3 Be7
15. d6 Bf6 16. d7+ Kf8 17. Bc5+ Kg8 18. Nd5 h5 19. Qe4 Bg5 20. Bb6 Qf8 21. h4
Bd8 22. Bb3 Rh6 23. Be3 Rd6 24. Nc3 Rc6 25. Qxe5 Bf6 26. Qxh5 b5 27. Ne4 Bxb2
28. Rab1 g6 29. Qd5 1-0

[Event "Titled Tue 1st Jul Late"]
[Site "chess.com INT"]
[Date "2025.07.01"]
[Round "7"]
[White "Petersen, Marcel"]
[Black "Kocharin, Timur"]
[Result "1-0"]
[WhiteTitle "CM"]
[BlackTitle "FM"]
[WhiteElo "2236"]
[BlackElo "2304"]
[WhiteFideId "12935670"]
[BlackFideId "16240936"]
[EventDate "2025.07.01"]

1. e4 a6 2. Nc3 e6 3. d4 d5 4. Nf3 Nf6 5. Bd3 Bb4 6. e5 Ne4 7. Bxe4 dxe4 8. Ng5
c5 9. O-O cxd4 10. Ncxe4 h6 11. Qh5 O-O 12. Nf6+ gxf6 13. Ne4 fxe5 14. Bxh6 Kh7
15. Bg5+ Kg7 16. Qh6+ Kg8 17. Bf6 1-0

[Event "Titled Tue 1st Jul Late"]
[Site "chess.com INT"]
[Date "2025.07.01"]
[Round "7"]
[White "Schracke, Guido"]
[Black "Taranenko, Evgueniy"]
[Result "0-1"]
[WhiteTitle "CM"]
[WhiteElo "2138"]
[BlackElo "2201"]
[WhiteFideId "4637054"]
[BlackFideId "14122138"]
[EventDate "2025.07.01"]

1. e4 Nc6 2. Nf3 d5 3. exd5 Qxd5 4. Nc3 Qa5 5. b4 Nxb4 6. Bc4 Bg4 7. O-O Qh5 8.
Be2 e6 9. h3 Bxh3 10. gxh3 Qxh3 11. Ne4 Nf6 12. Ng3 Bd6 13. Ng5 Qh4 14. d3 Bxg3
15. fxg3 Qd4+ 16. Rf2 Qxa1 17. Qd2 Nxa2 18. Rf1 Nxc1 19. Rxc1 Qe5 20. Kg2 O-O
21. Bf3 Rfb8 22. Nh3 a5 23. d4 Qd6 24. c3 a4 25. Ra1 a3 26. Ra2 e5 27. d5 e4 28.
Be2 Qxd5 29. Qxd5 Nxd5 30. Bc4 Ne3+ 0-1

[Event "Titled Tue 1st Jul Late"]
[Site "chess.com INT"]
[Date "2025.07.01"]
[Round "7"]
[White "Kharitonov, Sergei"]
[Black "Watanabe, Akira"]
[Result "1-0"]
[WhiteTitle "CM"]
[BlackTitle "FM"]
[WhiteElo "2014"]
[BlackElo "2284"]
[WhiteFideId "4129750"]
[BlackFideId "7000227"]
[EventDate "2025.07.01"]

1. e4 c5 2. Nf3 d6 3. d4 cxd4 4. Nxd4 Nf6 5. Nc3 a6 6. Rg1 e5 7. Nb3 h5 8. h3 h4
9. Bg5 Be6 10. Qf3 Nbd7 11. O-O-O Qc7 12. Nd5 Bxd5 13. exd5 Be7 14. Kb1 Rc8 15.
c4 Nc5 16. Nxc5 Qxc5 17. Bd3 Rc7 18. Rge1 O-O 19. Bxh4 b5 20. Bxf6 Bxf6 21. Qf5
Rb8 22. Qh7+ Kf8 23. Qh8+ 1-0

[Event "Titled Tue 1st Jul Late"]
[Site "chess.com INT"]
[Date "2025.07.01"]
[Round "7"]
[White "Popilski, Gil"]
[Black "Guliev, Gasan"]
[Result "0-1"]
[WhiteTitle "GM"]
[BlackTitle "CM"]
[WhiteElo "2431"]
[BlackElo "2123"]
[WhiteFideId "2809060"]
[BlackFideId "34165638"]
[EventDate "2025.07.01"]

1. e4 c5 2. b3 Nc6 3. Bb2 e6 4. Nf3 Nge7 5. d4 cxd4 6. Nxd4 Ng6 7. c4 Bb4+ 8.
Nc3 Qa5 9. Nb5 O-O 10. a3 Be7 11. b4 Qd8 12. Nd6 Qc7 13. Ncb5 Qb8 14. Nxc8 Rxc8
15. Rc1 a6 16. Nd4 Qe5 17. f3 Qg5 18. Qd2 Qxd2+ 19. Kxd2 Bg5+ 20. Kd1 Bxc1 21.
Kxc1 d5 22. exd5 exd5 23. c5 a5 24. Nxc6 bxc6 25. g3 axb4 26. axb4 Ra4 27. Bc3
d4 28. Bd2 Ne5 29. Kb2 Nxf3 30. Bh3 0-1

[Event "Titled Tue 1st Jul Late"]
[Site "chess.com INT"]
[Date "2025.07.01"]
[Round "7"]
[White "Pribelszky, Bence"]
[Black "Zhukovskyi, Oleksandr"]
[Result "1-0"]
[WhiteTitle "IM"]
[BlackTitle "CM"]
[WhiteElo "2396"]
[BlackElo "2145"]
[WhiteFideId "769738"]
[BlackFideId "14169371"]
[EventDate "2025.07.01"]

1. d4 Nf6 2. c4 g6 3. Nc3 d5 4. cxd5 Nxd5 5. e4 Nxc3 6. bxc3 Bg7 7. Nf3 c5 8.
Be3 Nc6 9. Bb5 cxd4 10. Bxd4 O-O 11. Bxc6 bxc6 12. Bxg7 Kxg7 13. Qd4+ f6 14. O-O
e5 15. Qc5 Qb6 16. Qa3 Bg4 17. Rab1 Qc7 18. Nd2 Be6 19. Nb3 Bxb3 20. axb3 Rfd8
21. Qc5 Qb6 22. Qe7+ Kh6 23. Qxf6 Qc7 24. f4 Rf8 25. Qg5+ Kg7 26. f5 Qb6+ 27.
Kh1 Kh8 28. fxg6 Rxf1+ 29. Rxf1 Qc7 30. Rf7 Rd8 31. Qf6+ 1-0

[Event "Titled Tue 1st Jul Late"]
[Site "chess.com INT"]
[Date "2025.07.01"]
[Round "7"]
[White "Mahdavi, Reza"]
[Black "Aakash, G"]
[Result "1-0"]
[WhiteTitle "IM"]
[BlackTitle "FM"]
[WhiteElo "2454"]
[BlackElo "2123"]
[WhiteFideId "12595926"]
[BlackFideId "25644394"]
[EventDate "2025.07.01"]

1. e4 e6 2. d3 d5 3. Nd2 c5 4. Ngf3 Nc6 5. g3 Bd6 6. Bg2 Nge7 7. O-O O-O 8. Re1
f6 9. c3 Qc7 10. d4 cxd4 11. cxd4 Nb4 12. Re3 Bd7 13. Rc3 Qb6 14. a3 Nbc6 15.
Rb3 Qc7 16. Qe2 Rac8 17. h4 a6 18. h5 Na5 19. Rc3 Qb6 20. h6 g6 21. e5 fxe5 22.
dxe5 Bb5 23. Qe1 Rxc3 24. exd6 Rxc1 25. Qxc1 Qxd6 26. Qc3 d4 27. Qxa5 Nd5 28.
Ne4 Qe7 29. Qd2 e5 30. Re1 Rf5 31. Neg5 Bc6 32. Bh3 Rf8 33. Rxe5 Qf6 34. Be6+ 1-0

[Event "Titled Tue 1st Jul Late"]
[Site "chess.com INT"]
[Date "2025.07.01"]
[Round "7"]
[White "Abdulkadir Mohamed Warsame"]
[Black "Akhayan, Ruben"]
[Result "0-1"]
[BlackTitle "FM"]
[WhiteElo "2001"]
[BlackElo "2265"]
[WhiteFideId "16100913"]
[BlackFideId "204439"]
[EventDate "2025.07.01"]

1. c4 e5 2. Nc3 Nc6 3. g3 g6 4. Bg2 Bg7 5. e3 d6 6. Nge2 Nh6 7. O-O O-O 8. d4
exd4 9. exd4 Bg4 10. h3 Bxe2 11. Nxe2 Nf5 12. d5 Ne5 13. Qc2 Re8 14. Kh2 a6 15.
Nf4 b5 16. cxb5 axb5 17. Bd2 Nc4 18. Bc3 h5 19. Bxg7 Kxg7 20. b3 Ne5 21. Rfc1 h4
22. Qxc7 hxg3+ 23. fxg3 Qg5 24. Ne6+ Rxe6 25. dxe6 Qxg3+ 26. Kh1 Rh8 27. Rc3 Ne3
28. Rxe3 Qxe3 29. Qb7 Rxh3+ 30. Bxh3 Qxh3+ 31. Kg1 Qxe6 32. Rf1 Qg4+ 33. Qg2
Qd4+ 34. Rf2 Ng4 35. Qf3 Nxf2 36. Qxf2 Qxf2+ 37. Kxf2 b4 38. Ke3 g5 0-1

[Event "Titled Tue 1st Jul Late"]
[Site "chess.com INT"]
[Date "2025.07.01"]
[Round "7"]
[White "Damaraju, Ashwin"]
[Black "Guha, Eshan"]
[Result "1-0"]
[WhiteElo "2084"]
[BlackElo "2071"]
[WhiteFideId "39908348"]
[BlackFideId "30958628"]
[EventDate "2025.07.01"]

1. e4 c5 2. Nc3 a6 3. d4 cxd4 4. Qxd4 Nc6 5. Qe3 e6 6. Qg3 b5 7. Bg5 f6 8. Be3
Bb7 9. Nf3 Kf7 10. e5 Nge7 11. exf6 gxf6 12. Bd3 d5 13. O-O-O b4 14. Na4 Qa5 15.
Nc5 Bc8 16. Kb1 e5 17. Rhe1 Nf5 18. Bxf5 Bxf5 19. Rxd5 b3 20. axb3 Bxc2+ 21. Kc1
Qa1+ 22. Kxc2 Nb4+ 23. Kc3 Nxd5+ 24. Kc2 Nxe3+ 25. fxe3 Qa5 26. Nxe5+ fxe5 27.
Rf1+ Ke8 28. Qxe5+ Be7 29. Qxh8+ 1-0

[Event "Titled Tue 1st Jul Late"]
[Site "chess.com INT"]
[Date "2025.07.01"]
[Round "7"]
[White "Gerbelli Neto, Eduardo"]
[Black "Uyanga, Byambaa"]
[Result "1-0"]
[BlackTitle "WFM"]
[WhiteElo "2114"]
[BlackElo "2006"]
[WhiteFideId "2103281"]
[BlackFideId "2054906"]
[EventDate "2025.07.01"]

1. e4 c5 2. Nc3 d6 3. f4 Nc6 4. Nf3 g6 5. Bc4 Bg7 6. O-O Nf6 7. d3 O-O 8. Qe1
Rb8 9. Qh4 Nd4 10. f5 b5 11. Bb3 Nxb3 12. axb3 Qb6 13. fxg6 hxg6 14. Ng5 Re8 15.
Nd5 Qd8 16. Rxa7 Rb7 17. Ra8 c4 18. bxc4 bxc4 19. dxc4 e6 20. Nxf6+ Bxf6 21.
Qh7+ Kf8 22. Rxc8 Qxc8 23. Rxf6 Qc5+ 24. Kh1 Rxb2 25. Qxf7# 1-0

[Event "Titled Tue 1st Jul Late"]
[Site "chess.com INT"]
[Date "2025.07.01"]
[Round "7"]
[White "Frischmann, Rick"]
[Black "Gelman, Alexander"]
[Result "0-1"]
[WhiteTitle "FM"]
[BlackTitle "IM"]
[WhiteElo "2355"]
[BlackElo "2403"]
[WhiteFideId "24660752"]
[BlackFideId "4118316"]
[EventDate "2025.07.01"]

1. e4 c5 2. Nf3 e6 3. d4 cxd4 4. Nxd4 a6 5. c4 d6 6. Nc3 Nf6 7. Be2 Be7 8. Be3
Bd7 9. O-O Nc6 10. f3 O-O 11. Qd2 Rc8 12. Rac1 Ne5 13. b3 Ng6 14. Rfd1 h5 15. g3
Re8 16. Kh1 d5 17. cxd5 exd5 18. Nxd5 Nxd5 19. exd5 Rxc1 20. Qxc1 Bd6 21. Bf2 h4
22. Bd3 Ne5 23. Be4 Qf6 24. Re1 h3 25. Qc2 g6 26. Rf1 Qd8 27. Bg1 Qa5 28. Qb2 f5
29. Bb1 Qxd5 30. Qf2 Bc5 31. Rd1 Bc6 32. Nxc6 Qxd1 33. Qxc5 Qxf3# 0-1

[Event "Titled Tue 1st Jul Late"]
[Site "chess.com INT"]
[Date "2025.07.01"]
[Round "7"]
[White "Bucci, Andrea"]
[Black "Zhou, Abigail"]
[Result "0-1"]
[BlackTitle "WCM"]
[WhiteElo "1526"]
[BlackElo "1780"]
[WhiteFideId "28546890"]
[BlackFideId "39922081"]
[EventDate "2025.07.01"]

1. e4 e6 2. Nf3 d5 3. exd5 exd5 4. d4 Bd6 5. c3 Ne7 6. Bd3 Bg4 7. O-O Nbc6 8.
Re1 Qd7 9. Nbd2 O-O-O 10. a4 g5 11. a5 h5 12. a6 b6 13. c4 Nb4 14. Bf1 h4 15.
Qa4 Qf5 16. Qb3 h3 17. c5 bxc5 18. dxc5 Bxc5 19. Ra4 hxg2 20. Bxg2 Nec6 21. Rxb4
Nxb4 22. Re5 Qc2 23. Qxc2 Nxc2 24. Rxg5 Be6 25. Nb3 Bb6 26. Nfd4 Nxd4 27. Nxd4
Bxd4 28. b4 Bf6 29. Rg3 d4 30. Bb7+ Kb8 31. Bf4 d3 32. Bd2 Rhg8 33. Kf1 Rxg3 34.
hxg3 Bc8 35. Bxc8 Kxc8 36. b5 Rd5 37. Be3 d2 0-1

[Event "Titled Tue 1st Jul Late"]
[Site "chess.com INT"]
[Date "2025.07.01"]
[Round "7"]
[White "Hansen, Eric"]
[Black "Lebedev, Artem S."]
[Result "1-0"]
[WhiteTitle "GM"]
[BlackTitle "CM"]
[WhiteElo "2609"]
[BlackElo "2164"]
[WhiteFideId "2606771"]
[BlackFideId "34272747"]
[EventDate "2025.07.01"]

1. e4 e5 2. Nf3 Nc6 3. Bb5 a6 4. Ba4 Nf6 5. O-O Be7 6. d3 b5 7. Bb3 O-O 8. h3 d6
9. a3 Be6 10. Bxe6 fxe6 11. Be3 d5 12. Nbd2 h6 13. c3 g5 14. Qc2 Qe8 15. a4 Qg6
16. axb5 axb5 17. Rxa8 Rxa8 18. Qb3 Rb8 19. Qa2 Kf7 20. Qa6 g4 21. hxg4 Nxg4 22.
Qxc6 Rg8 23. exd5 Bd6 24. Qd7+ Kf8 25. Qc8+ Kg7 26. Qxe6 Qh5 27. Ne4 Kh8 28. Ng3 1-0

[Event "Titled Tue 1st Jul Late"]
[Site "chess.com INT"]
[Date "2025.07.01"]
[Round "7"]
[White "Bouska, Jiri"]
[Black "Beyer, Lorenz"]
[Result "1/2-1/2"]
[WhiteTitle "FM"]
[BlackTitle "CM"]
[WhiteElo "2318"]
[BlackElo "2226"]
[WhiteFideId "23722223"]
[BlackFideId "16245393"]
[EventDate "2025.07.01"]

1. e4 e6 2. d4 d5 3. exd5 exd5 4. Nf3 Bd6 5. Bd3 Ne7 6. O-O O-O 7. Bg5 f6 8. Bh4
Bf5 9. c3 c6 10. Re1 Bxd3 11. Qxd3 Ng6 12. Bg3 a5 13. Nbd2 Bxg3 14. hxg3 Qd6 15.
a4 Nd7 16. Re3 Rfe8 17. Rae1 Rxe3 18. Rxe3 Ndf8 19. Qe2 Qd7 20. Nb3 b6 21. Nbd2
Kf7 22. Qd3 Re8 23. Rxe8 Kxe8 24. Qa6 Qc7 25. b4 axb4 26. cxb4 Nd7 27. a5 bxa5
28. bxa5 Nb8 29. Qa8 Ne7 30. Nb3 Nc8 31. Nc5 Qa7 32. Qxa7 Nxa7 33. Kf1 Nd7 34.
Nd3 Ke7 35. Ke2 Kd6 36. Ke3 Nb5 37. g4 Na3 38. a6 Nc4+ 39. Kf4 Kc7 40. Kf5 Nd6+
41. Ke6 Nf8+ 42. Ke7 Ng6+ 43. Ke6 Nf8+ 44. Ke7 Ng6+ 45. Ke6 Nf8+ 1/2-1/2

[Event "Titled Tue 1st Jul Late"]
[Site "chess.com INT"]
[Date "2025.07.01"]
[Round "7"]
[White "Risteski, Emil"]
[Black "Moghaddamian, Afshin"]
[Result "1-0"]
[WhiteTitle "IM"]
[BlackTitle "CM"]
[WhiteElo "2374"]
[BlackElo "2126"]
[WhiteFideId "15005267"]
[BlackFideId "12503886"]
[EventDate "2025.07.01"]

1. e4 c5 2. Nc3 g6 3. Nge2 Bg7 4. d4 cxd4 5. Nxd4 Nc6 6. Be3 Nf6 7. Bc4 Qa5 8.
O-O O-O 9. Bb3 d6 10. h3 Bd7 11. Re1 Rac8 12. Nf3 Be6 13. Qe2 a6 14. Rad1 Nd7
15. Bd2 Qh5 16. Nd5 Bxd5 17. exd5 Nce5 18. Nxe5 Qxe2 19. Rxe2 Bxe5 20. c3 Nc5
21. Bc2 Bf6 22. g4 g5 23. f4 h6 24. fxg5 hxg5 25. Rf1 Kh8 26. Rf5 Rg8 27. h4
Rcf8 28. hxg5 Be5 29. Rfxe5 dxe5 30. Rh2+ Kg7 31. Rh7# 1-0